[Event "22e tournoi de Noël"]
[Site "Montigny le Bretonneux"]
[Date "2023.12.28"]
[Round "3.8"]
[White "Durez, Gerard"]
[Black "Weens, William"]
[Result "1/2-1/2"]
[WhiteElo "1378"]
[BlackElo "1643"]
[Annotator "Rivier,Sylvain"]
[PlyCount "106"]
[EventDate "2023.??.??"]
[WhiteTeam "La Dame Noire"]
[BlackTeam "ECHECS 78"]

{Partie du pion dame} 1. Nc3 d5 2. d4 Nf6 3. e3 g6 4. Be2 Bg7 5. Bd2 b6 6. f4
O-O 7. Nf3 c5 8. O-O Ne4 9. Be1 Nc6 10. Nxe4 dxe4 11. Ne5 Bb7 12. Nxc6 Bxc6 13.
c3 cxd4 14. cxd4 Bd5 15. b3 Qd6 16. Ba6 Rab8 17. Bc4 Rfc8 18. Bxd5 Qxd5 19. Rc1
Qb5 20. Bf2 Qa6 21. Qd2 Qb5 22. h3 e6 23. Rfd1 Bf8 24. Rxc8 Rxc8 25. Qb2 Qc6
26. Rd2 Bb4 27. Re2 f5 28. Bh4 h6 29. Bf6 Kf7 30. Be5 Qc1+ 31. Qxc1 Rxc1+ 32.
Kf2 Rd1 33. g4 Rd2 34. Rxd2 Bxd2 35. Bb8 a6 36. Ba7 b5 37. Bb8 Ke7 38. Ke2 Bc1
39. Bc7 fxg4 40. hxg4 h5 41. Ba5 h4 42. Be1 h3 43. Bg3 Kd6 44. Bh2 a5 45. Bg1
a4 46. Kf2 axb3 47. axb3 Bd2 48. Kg3 Ke7 49. Kxh3 Kf6 50. Kh4 Be1+ 51. Kh3 g5
52. fxg5+ Kxg5 53. Bh2 Ba5 1/2-1/2

[Event "22e tournoi de Noël"]
[Site "Montigny le Bretonneux"]
[Date "2023.12.28"]
[Round "3.10"]
[White "Longbien, Dominique"]
[Black "Bouloc, Roger"]
[Result "0-1"]
[WhiteElo "1470"]
[BlackElo "1335"]
[Annotator "Rivier,Sylvain"]
[PlyCount "86"]
[EventDate "2023.??.??"]
[WhiteTeam "La Dame Noire"]
[BlackTeam "La Dame Noire"]

{Défense sicilienne, variante Löwenthal} 1. e4 c5 2. Nf3 Nc6 3. d4 cxd4 4.
Nxd4 e5 5. Nb3 Nf6 6. Nc3 Bb4 7. Bd3 O-O 8. Bd2 d5 9. a3 Be7 10. O-O Bg4 11.
Qe1 a6 12. h3 Be6 13. Kh1 d4 14. Nd1 Re8 15. f4 Nh5 16. f5 Bh4 17. Nf2 Ng3+ 18.
Kg1 Bxb3 19. cxb3 Nxf1 20. Qxf1 Bg5 21. Bxg5 Qxg5 22. Rd1 b5 23. b4 Rab8 24.
Rc1 Na7 25. Ng4 Rbc8 26. Rc5 Rxc5 27. bxc5 Rc8 28. b4 a5 29. Nxe5 axb4 30. axb4
Qe7 31. Nf3 Rb8 32. Qa1 Nc6 33. Qb2 Qd7 34. e5 Qd5 35. e6 fxe6 36. fxe6 Qxe6
37. Nxd4 Qe3+ 38. Qf2 Qxd4 39. Qxd4 Nxd4 40. Kf2 Nc6 41. Ke3 Nxb4 42. Bb1 Rd8
43. Ke2 Rd5 0-1

[Event "22e tournoi de Noël"]
[Site "Montigny le Bretonneux"]
[Date "2023.12.28"]
[Round "3.11"]
[White "Lanfant, Kevin"]
[Black "Richecoeur, Clemence"]
[Result "1-0"]
[WhiteElo "1213"]
[BlackElo "1463"]
[Annotator "Rivier,Sylvain"]
[PlyCount "91"]
[EventDate "2023.??.??"]
[WhiteTeam "La Dame Noire"]
[BlackTeam "CE Le Roi Soleil - Le Chesnay - Versailles"]

{Défernse est-indienne} 1. d4 Nf6 2. c4 g6 3. Nc3 Bg7 4. e4 d6 5. Nf3 b6 6.
Be2 Bb7 7. Qc2 Nbd7 8. Be3 O-O 9. O-O e5 10. dxe5 dxe5 11. Rfd1 Qc8 12. Rac1
Nc5 13. Nd5 Nxd5 14. cxd5 c6 15. b4 Na6 16. Bxa6 Bxa6 17. Qxc6 Qxc6 18. Rxc6
Rac8 19. Rdc1 Rxc6 20. dxc6 Bb5 21. c7 Rc8 22. a3 f6 23. Rd1 Rxc7 24. Rd8+ Kf7
25. h3 Ke7 26. Rd2 Rc3 27. Ra2 Ba4 28. Nd2 Ke6 29. Nb1 Rc7 30. Bd2 f5 31. Nc3
Bb3 32. Rb2 Bc4 33. a4 fxe4 34. Nxe4 Bd5 35. Ng5+ Kf5 36. g4+ Kf6 37. Nxh7+ Ke6
38. Ng5+ Kd6 39. b5 e4 40. Bf4+ Be5 41. Bxe5+ Kxe5 42. Re2 Kf4 43. h4 Kxg4 44.
Nxe4 Kxh4 45. f3 Rc4 46. Rh2# 1-0

[Event "22e tournoi de Noël"]
[Site "Montigny le Bretonneux"]
[Date "2023.12.28"]
[Round "3.12"]
[White "Corbillet, Mathieu"]
[Black "Prevost, Yvan"]
[Result "0-1"]
[WhiteElo "1460"]
[BlackElo "1272"]
[Annotator "Rivier,Sylvain"]
[PlyCount "94"]
[EventDate "2023.??.??"]
[WhiteTeam "La Dame Noire"]
[BlackTeam "Club d'Echecs de Guyancourt"]

{Partie écossaise} 1. e4 e5 2. Nf3 Nc6 3. d4 exd4 4. Nxd4 Bc5 5. Be3 Qf6 6. c3
Nge7 7. g3 O-O 8. Bg2 Rd8 9. f4 d5 10. e5 Qg6 11. O-O Nxd4 12. Bxd4 Bxd4+ 13.
cxd4 Qb6 14. Rf2 Nf5 15. Rd2 Ne3 16. Qb3 Nc4 17. Qxb6 axb6 18. Rc2 Bf5 19. Rc3
Bxb1 20. Rxb1 Rxa2 21. b3 Na3 22. Rbc1 c6 23. Bf1 b5 24. Bd3 g6 25. g4 h5 26.
gxh5 gxh5 27. f5 Kh8 28. Bc2 Rg8+ 29. Kf2 b4 30. Rc5 Nb5 31. Ke3 Rg4 32. Bd1
Re4+ 33. Kd3 Rxd4+ 34. Ke3 Rxh2 35. Rxb5 Re4+ 36. Kf3 cxb5 37. Rc8+ Kg7 38. f6+
Kg6 39. Kg3 Rd2 40. Bf3 h4+ 41. Kh3 Re3 42. Kg4 Rd4+ 43. Kh3 Rxf3+ 44. Kg2 Rg3+
45. Kf2 Rd2+ 46. Ke1 Ra2 47. Kf1 Rxb3 0-1

[Event "22e tournoi de Noël"]
[Site "Montigny le Bretonneux"]
[Date "2023.12.28"]
[Round "3.13"]
[White "Laot, Celestin"]
[Black "Perrier-Perrery, Philippe"]
[Result "1/2-1/2"]
[WhiteElo "1199"]
[BlackElo "1419"]
[Annotator "Rivier,Sylvain"]
[PlyCount "98"]
[EventDate "2023.??.??"]
[WhiteTeam "Club d'Echecs de Triel sur Seine"]
[BlackTeam "Ste Foy Echecs"]

{Gambit dame, défense slave} 1. d4 d5 2. c4 c6 3. Nf3 Nf6 4. g3 Bf5 5. Bg2
dxc4 6. Nbd2 e6 7. Nxc4 Nbd7 8. O-O Be7 9. Bf4 Nd5 10. Nd6+ Bxd6 11. Bxd6 N7b6
12. Bc5 Nd7 13. Ba3 f6 14. Re1 Be4 15. Ng5 fxg5 16. Bxe4 N7f6 17. Bg2 Qc7 18.
e4 Ne7 19. e5 Nfd5 20. Qh5+ Ng6 21. Qxg5 Qf7 22. f4 Nde7 23. Qg4 O-O-O 24. Bd6
Nf5 25. Bc5 Kb8 26. Qd1 Qd7 27. Qa4 b5 28. Qa6 Qb7 29. Qxc6 Qxc6 30. Bxc6 Nxd4
31. Bxd4 Rxd4 32. Bxb5 Rhd8 33. Re2 Ne7 34. b3 Nd5 35. Bc4 g6 36. Rc1 a5 37.
Kf2 a4 38. bxa4 Rc8 39. Rb1+ Ka7 40. Bxd5 Rxd5 41. Reb2 Rc7 42. Kf3 h5 43. Re1
Rc4 44. Re3 Rxa4 45. h3 Rdd4 46. Reb3 h4 47. gxh4 Rxf4+ 48. Kg2 Rxh4 49. a3
Rhe4 1/2-1/2

[Event "22e tournoi de Noël"]
[Site "Montigny le Bretonneux"]
[Date "2023.12.28"]
[Round "3.14"]
[White "Imbert, Nicolas"]
[Black "Phelippot, Gabriel"]
[Result "1-0"]
[WhiteElo "1399"]
[BlackElo "1199"]
[Annotator "Rivier,Sylvain"]
[PlyCount "69"]
[EventDate "2023.??.??"]
[WhiteTeam "Saint-Quentin en Yvelines"]
[BlackTeam "Kamogawa Chess Club"]

{Partie du pion dame} 1. d4 d5 2. Bf4 Bf5 3. e3 e6 4. Nf3 Bd6 5. Bg3 Nf6 6.
Nbd2 O-O 7. c4 c6 8. Qb3 Bxg3 9. hxg3 Qc7 10. Ne5 Nbd7 11. f4 Nxe5 12. dxe5 Nd7
13. Be2 Qa5 14. Qc3 Qxc3 15. bxc3 Rfd8 16. Nb3 dxc4 17. Bxc4 Nb6 18. Be2 Bd3
19. Nc5 Bxe2 20. Kxe2 Rab8 21. Rad1 Nd5 22. Rd3 b6 23. Na6 Rbc8 24. Rhd1 b5 25.
Kf3 f5 26. exf6 Nxc3 27. Rxd8+ Rxd8 28. Rxd8+ Kf7 29. fxg7 Kxg7 30. Rd7+ Kf6
31. Rxa7 Nxa2 32. Rxh7 b4 33. Nc5 e5 34. Rh6+ Kf5 35. g4# 1-0

[Event "22e tournoi de Noël"]
[Site "Montigny le Bretonneux"]
[Date "2023.12.28"]
[Round "3.15"]
[White "Nicol, Christian"]
[Black "Couradin, Bruno"]
[Result "0-1"]
[WhiteElo "1534"]
[BlackElo "1338"]
[Annotator "Rivier,Sylvain"]
[PlyCount "102"]
[EventDate "2023.??.??"]
[WhiteTeam "Saint-Quentin en Yvelines"]
[BlackTeam "La Dame Noire"]

{Partie du pion dame} 1. d4 d5 2. Bf4 Nc6 3. e3 Nf6 4. h3 Bf5 5. Nf3 e6 6. c4
Bb4+ 7. Nc3 Ne4 8. Qb3 a5 9. a3 a4 10. Qd1 Nxc3 11. bxc3 Bxc3+ 12. Ke2 Bxa1 13.
Qxa1 dxc4 14. Qb2 Rb8 15. Qb5 c3 16. Ne5 Qd5 17. Qxa4 O-O 18. f3 Bg6 19. e4
Qxd4 20. Qxd4 Nxd4+ 21. Kd3 Nb5 22. Nd7 Rbd8 23. Kc4 Rxd7 24. Kxb5 Rd1 25. g4
c2 26. Bg2 Rxh1 27. Bxh1 Rd8 28. h4 h5 29. g5 Rd1 30. Bg2 c1=Q 31. Bxc1 Rxc1
32. f4 Rc2 33. Bf1 Bxe4 34. a4 Rb2+ 35. Kc4 Bc6 36. a5 Rh2 37. Kc5 Bd5 38. Kd4
Rxh4 39. Ke5 f6+ 40. gxf6 gxf6+ 41. Kxf6 Rxf4+ 42. Kg5 Rxf1 43. a6 bxa6 44.
Kxh5 a5 45. Kg4 a4 46. Kg3 a3 47. Kh2 a2 48. Kg3 a1=Q 49. Kh2 Qg7 50. Kh3 Qg2+
51. Kh4 Rh1# 0-1

[Event "22e tournoi de Noël"]
[Site "Montigny le Bretonneux"]
[Date "2023.12.28"]
[Round "3.16"]
[White "Couradin, Jean-Marie"]
[Black "Marandas, Yanis"]
[Result "1-0"]
[WhiteElo "1410"]
[BlackElo "1099"]
[Annotator "Rivier,Sylvain"]
[PlyCount "75"]
[EventDate "2023.??.??"]
[WhiteTeam "La Dame Noire"]
[BlackTeam "Reims Echec et Mat"]

{Partie du pion dame} 1. d4 d5 2. Nf3 Nc6 3. e3 a6 4. a3 Nf6 5. Bd3 g6 6. Nbd2
Bg7 7. O-O O-O 8. c3 Bg4 9. h3 Bxf3 10. Nxf3 e5 11. Nxe5 Nxe5 12. dxe5 Nd7 13.
f4 g5 14. Qg4 Re8 15. Bf5 Nc5 16. Bc2 Qe7 17. Qf5 Ne4 18. Bxe4 dxe4 19. Qxe4 c6
20. Bd2 gxf4 21. exf4 f6 22. Qc4+ Kh8 23. exf6 Qxf6 24. Rae1 Rxe1 25. Rxe1 Rd8
26. Qe2 h6 27. Be3 Re8 28. Qf2 Qe7 29. Kf1 Qe6 30. Bd4 Qc4+ 31. Re2 Qxe2+ 32.
Qxe2 Rxe2 33. Kxe2 Bxd4 34. cxd4 Kg7 35. Ke3 Kf6 36. Ke4 Ke6 37. g4 Kf6 38. h4
1-0

[Event "22e tournoi de Noël"]
[Site "Montigny le Bretonneux"]
[Date "2023.12.28"]
[Round "3.17"]
[White "Garabedian, Christophe"]
[Black "Taieb, Cedric"]
[Result "0-1"]
[WhiteElo "1199"]
[BlackElo "1399"]
[Annotator "Rivier,Sylvain"]
[PlyCount "58"]
[EventDate "2023.??.??"]
[WhiteTeam "La Dame Noire"]
[BlackTeam "Saint-Quentin en Yvelines"]

{Gambit dame, défense slave} 1. d4 d5 2. Bf4 Bf5 3. c4 c6 4. e3 Nf6 5. Nc3 h6
6. Nf3 Nbd7 7. Be2 g5 8. Bg3 e6 9. Ne5 Nxe5 10. Bxe5 Bd6 11. Qb3 Qe7 12. c5
Bxe5 13. dxe5 Ne4 14. Nxe4 Bxe4 15. f3 Bg6 16. Rc1 Qc7 17. f4 Be4 18. O-O Rg8
19. Bd3 O-O-O 20. Rcd1 gxf4 21. Bxe4 dxe4 22. exf4 Rd5 23. Qa3 Kb8 24. b4 Qd8
25. Qb3 Rd3 26. Qb1 Qd4+ 27. Kh1 Rd2 28. g3 e3 29. Rde1 Qd5+ 0-1

[Event "22e tournoi de Noël"]
[Site "Montigny le Bretonneux"]
[Date "2023.12.28"]
[Round "3.18"]
[White "Carbonero, Jean Marc"]
[Black "Ralitera, Haja"]
[Result "0-1"]
[WhiteElo "1009"]
[BlackElo "1362"]
[Annotator "Rivier,Sylvain"]
[PlyCount "94"]
[EventDate "2023.??.??"]
[WhiteTeam "Saint-Quentin en Yvelines"]
[BlackTeam "Villepreux "]

{Défense Caro-Kann} 1. e4 c6 2. Be2 d5 3. Bf3 Be6 4. d3 Nf6 5. e5 Nfd7 6. d4
Bf5 7. Ne2 e6 8. Ng3 Bg6 9. Bh5 c5 10. Bxg6 hxg6 11. O-O Qh4 12. h3 Qxd4 13.
Qxd4 cxd4 14. Nd2 Nc6 15. Ne2 Ncxe5 16. Nxd4 a6 17. N2f3 Nxf3+ 18. Nxf3 Rc8 19.
c3 Bd6 20. Bd2 Ne5 21. Nxe5 Bxe5 22. Rfe1 Bd6 23. Rac1 Kd7 24. b3 b5 25. a4
bxa4 26. bxa4 Rc4 27. Ra1 Rb8 28. a5 Rb2 29. Red1 Be5 30. Ra3 Bd6 31. Raa1 Be5
32. Ra3 Kc6 33. Bc1 Rb1 34. g4 Bxc3 35. Kf1 Bb4 36. Rf3 f6 37. Re3 Kd7 38. Ke2
Rcxc1 39. Rxc1 Rxc1 40. Rb3 Rc4 41. Kd3 Kc6 42. h4 Rxg4 43. Rb1 Bxa5 44. Rb8
Rxh4 45. Rc8+ Bc7 46. Rg8 Rh7 47. Ra8 a5 0-1

[Event "22e tournoi de Noël"]
[Site "Montigny le Bretonneux"]
[Date "2023.12.28"]
[Round "3.19"]
[White "Rauche, Michel"]
[Black "Neveu, Raphael"]
[Result "0-1"]
[WhiteElo "1308"]
[BlackElo "1199"]
[Annotator "Rivier,Sylvain"]
[PlyCount "122"]
[EventDate "2023.??.??"]
[WhiteTeam "C.E. Fontenay le Fleury Les Fous Furieux"]
[BlackTeam "La Dame Noire"]

{Défense Nimzo-indienne} 1. d4 Nf6 2. c4 e6 3. Nc3 Bb4 4. Bd2 b6 5. a3 Bxc3 6.
bxc3 Bb7 7. e3 O-O 8. Nf3 c5 9. Be2 Ne4 10. O-O Qf6 11. Ne5 d6 12. Ng4 Qg6 13.
f3 Nxd2 14. Qxd2 h5 15. Nf2 Nd7 16. Nh3 Rad8 17. e4 Rfe8 18. Bd3 e5 19. d5 Bc8
20. f4 Nf6 21. f5 Qg4 22. Ng5 h4 23. Be2 Nxe4 24. Nxe4 Qxe4 25. Bd3 Qg4 26.
Rae1 h3 27. g3 Qh5 28. Qf2 f6 29. Re4 Qf7 30. Rh4 Kf8 31. Be2 Qd7 32. Bh5 Qa4
33. Bxe8 Rxe8 34. Qb2 Bd7 35. Rh8+ Kf7 36. Rxe8 Kxe8 37. Qa2 Kf7 38. g4 g6 39.
Rf3 Qd1+ 40. Kf2 Qh1 41. Kg3 g5 42. Qe2 Qa1 43. Kxh3 Qxa3 44. Re3 a5 45. Qd2
Qb3 46. Qe2 a4 47. Qd3 a3 48. Re1 a2 49. Ra1 Qb2 50. Qf1 Qxc3+ 51. Kg2 Qc2+ 52.
Qf2 Qe4+ 53. Kh3 Qd3+ 54. Kg2 Qxc4 55. Rxa2 Qxg4+ 56. Kf1 Qf4 57. Ra7 Qxf2+ 58.
Kxf2 Ke7 59. Kf3 b5 60. Ke4 c4 61. Rb7 Kd8 0-1

[Event "22e tournoi de Noël"]
[Site "Montigny le Bretonneux"]
[Date "2023.12.28"]
[Round "4.1"]
[White "Artieres, Michel"]
[Black "Kvashyna, Tetyana"]
[Result "0-1"]
[WhiteElo "1665"]
[BlackElo "1708"]
[Annotator "Rivier,Sylvain"]
[PlyCount "82"]
[EventDate "2023.??.??"]
[WhiteTeam "La Dame Noire"]
[BlackTeam "Arcueil Chessland"]

{Partie espagnole, défense Morphy} 1. e4 e5 2. Nf3 Nc6 3. Bb5 a6 4. Ba4 Nf6 5.
Qe2 d6 6. c3 b5 7. Bc2 Be7 8. O-O Bg4 9. h3 Bh5 10. Rd1 Qc8 11. d3 O-O 12. Nbd2
h6 13. Nf1 Re8 14. Ng3 Bg6 15. b4 Nh5 16. Bb3 Nxg3 17. fxg3 Nd8 18. g4 Ne6 19.
g3 c5 20. Be3 Bf6 21. Rac1 Qd8 22. Bd5 Rb8 23. h4 Qe7 24. Kg2 Rec8 25. Rh1 Rc7
26. g5 hxg5 27. Bxe6 Qxe6 28. hxg5 Be7 29. Rh2 f6 30. Nh4 fxg5 31. Nxg6 Qxg6
32. Rch1 Rcc8 33. bxc5 dxc5 34. Qg4 Rf8 35. Rh8+ Kf7 36. R8h5 Ke8 37. Rh8 Qf7
38. Rxf8+ Bxf8 39. Qxg5 Qxa2+ 40. Bf2 Rb7 41. Qg6+ Rf7 0-1

[Event "22e tournoi de Noël"]
[Site "Montigny le Bretonneux"]
[Date "2023.12.28"]
[Round "4.2"]
[White "Kunne, Ronald"]
[Black "Imbert, Christophe"]
[Result "1-0"]
[WhiteElo "1587"]
[BlackElo "1811"]
[Annotator "Rivier,Sylvain"]
[PlyCount "107"]
[EventDate "2023.??.??"]
[WhiteTeam "Club d'Echecs d'Orsay"]
[BlackTeam "Club d'Echecs du Vesinet"]

{Partie espagnole, variante d'échange} 1. e4 e5 2. Nf3 Nc6 3. Bb5 a6 4. Bxc6
dxc6 5. O-O f6 6. d4 exd4 7. Nxd4 c5 8. Ne2 Qxd1 9. Rxd1 Bg4 10. f3 Bd7 11. Bf4
O-O-O 12. Nbc3 Ne7 13. Nd5 Nxd5 14. Rxd5 Re8 15. Rad1 Bc6 16. R5d2 g5 17. Bg3
h5 18. Nc3 h4 19. Bf2 g4 20. Nd5 Bh6 21. Nxf6 gxf3 22. Nxe8 Rxe8 23. gxf3 Rg8+
24. Kh1 b6 25. Bxh4 Kb7 26. Rd8 Rg6 27. Bg3 Rf6 28. Kg2 Rf7 29. Rh8 Bg5 30. Rh5
Be3 31. Rf5 Rh7 32. Re1 Bd2 33. Re2 Bc1 34. b3 Rd7 35. e5 Re7 36. e6 Be8 37.
Bf4 Bg6 38. Rg5 Bxf4 39. Rxg6 Kc6 40. Rf6 Bg5 41. Rf7 Re8 42. f4 Be7 43. f5 Bg5
44. Rg7 Bh4 45. Rd2 c4 46. Rdd7 Bd8 47. Rxd8 Rxd8 48. e7 Rd2+ 49. Kf3 Kd7 50.
f6 Rd6 51. Rf7 cxb3 52. axb3 a5 53. Rf8 Re6 54. Rd8+ 1-0

[Event "22e tournoi de Noël"]
[Site "Montigny le Bretonneux"]
[Date "2023.12.28"]
[Round "4.3"]
[White "Appavou, Calixte"]
[Black "Selores Granjo, Gilberto"]
[Result "1-0"]
[WhiteElo "1747"]
[BlackElo "1423"]
[Annotator "Rivier,Sylvain"]
[PlyCount "70"]
[EventDate "2023.??.??"]
[WhiteTeam "Saint-Quentin en Yvelines"]
[BlackTeam "C.E. Fontenay le Fleury "]

{Défense sicilienne, variante du dragon} 1. e4 c5 2. Nf3 d6 3. d4 cxd4 4. Nxd4
Nf6 5. Nc3 g6 6. Be2 Bg7 7. Be3 O-O 8. O-O Nc6 9. Qd2 d5 10. Nxc6 bxc6 11. e5
Ne4 12. Nxe4 dxe4 13. Qc3 Qc7 14. Bd4 c5 15. Qxc5 Qxc5 16. Bxc5 Bxe5 17. c3 Bd6
18. Be3 Be6 19. f3 exf3 20. Bxf3 Rab8 21. Rf2 Rfc8 22. Bxa7 Rb5 23. Bd4 Rcb8
24. b4 Rd8 25. a4 Rbb8 26. b5 Bc4 27. Be2 Bxe2 28. Rxe2 f6 29. Rc2 e5 30. Bf2
Rd7 31. c4 Bc7 32. c5 Rbd8 33. g3 Rd2 34. Rxd2 Rxd2 35. b6 Bb8 1-0

[Event "22e tournoi de Noël"]
[Site "Montigny le Bretonneux"]
[Date "2023.12.28"]
[Round "4.4"]
[White "Duget, Long Jc"]
[Black "Almeida, Oscar Coelho"]
[Result "1-0"]
[WhiteElo "1544"]
[BlackElo "1617"]
[Annotator "Rivier,Sylvain"]
[PlyCount "146"]
[EventDate "2023.??.??"]
[WhiteTeam "ECHECS 78"]
[BlackTeam "Saint-Quentin en Yvelines"]

{Défense Caro-Kann, variante d'échange} 1. e4 c6 2. d4 d5 3. exd5 cxd5 4. Bd3
Nc6 5. c3 Nf6 6. Bf4 Bg4 7. Qb3 Qd7 8. Nd2 e6 9. Ngf3 Be7 10. O-O O-O 11. Rfe1
a6 12. Qc2 h6 13. h3 Bxf3 14. Nxf3 Rac8 15. Qd2 Rfe8 16. Rac1 b5 17. Bb1 b4 18.
Qd3 bxc3 19. bxc3 Ra8 20. g4 Kf8 21. g5 hxg5 22. Nxg5 g6 23. Nxf7 Ne4 24. Rxe4
Kxf7 25. Re3 Rg8 26. Rg3 g5 27. Qh7+ Rg7 28. Qh5+ Kg8 29. Bxg5 Bxg5 30. Rxg5
Rxg5+ 31. Qxg5+ Qg7 32. h4 Rc8 33. Re1 Nd8 34. Re3 a5 35. Rg3 Qxg5 36. hxg5 Kg7
37. f4 Nc6 38. Kg2 Rb8 39. Bd3 Rb2+ 40. Kh3 Rxa2 41. f5 exf5 42. Bxf5 Re2 43.
Kg4 Ne7 44. Bd3 Re1 45. Rh3 Ng6 46. Bxg6 Kxg6 47. Rh6+ Kf7 48. Rd6 Rg1+ 49. Kf5
Rf1+ 50. Ke5 Rg1 51. Kxd5 Rxg5+ 52. Kc4 Ke7 53. Ra6 Kd7 54. d5 Kc7 55. Rxa5 Kb6
56. Rb5+ Ka6 57. Rb1 Ka7 58. Kc5 Rg8 59. c4 Rc8+ 60. Kd4 Rh8 61. d6 Rh5 62. c5
Ka8 63. d7 Rh4+ 64. Kd5 Rh5+ 65. Kd6 Ka7 66. c6 Rh8 67. Kc7 Ka6 68. d8=R Rh7+
69. Rd7 Rh6 70. Re7 Rg6 71. Kd7 Rh6 72. c7 Ka7 73. c8=R Rd6+ 1-0

[Event "22e tournoi de Noël"]
[Site "Montigny le Bretonneux"]
[Date "2023.12.28"]
[Round "4.5"]
[White "Lim, Chin"]
[Black "Lanfant, Kevin"]
[Result "1-0"]
[WhiteElo "1885"]
[BlackElo "1213"]
[Annotator "Rivier,Sylvain"]
[PlyCount "53"]
[EventDate "2023.??.??"]
[WhiteTeam "La Dame Noire"]
[BlackTeam "La Dame Noire"]

{Défense hollandaise} 1. d4 f5 2. Nc3 Nf6 3. Bg5 g6 4. e3 Bg7 5. Bc4 e6 6. h4
h6 7. Bf4 d6 8. Qd2 c6 9. f3 b5 10. Bd3 Nh5 11. Nce2 Qe7 12. O-O-O d5 13. g4
Nxf4 14. Nxf4 Qf6 15. h5 g5 16. Ng6 Rg8 17. Ne2 Qf7 18. f4 Bf6 19. Rdf1 fxg4
20. fxg5 Nd7 21. gxf6 Nxf6 22. Ne5 Qg7 23. Bg6+ Kd8 24. Qa5+ Ke7 25. Qc7+ Bd7
26. Nxc6+ Kf8 27. Qd6+ 1-0

[Event "22e tournoi de Noël"]
[Site "Montigny le Bretonneux"]
[Date "2023.12.28"]
[Round "4.6"]
[White "Bouloc, Roger"]
[Black "Claisse, Patrick"]
[Result "0-1"]
[WhiteElo "1335"]
[BlackElo "1659"]
[Annotator "Rivier,Sylvain"]
[PlyCount "54"]
[EventDate "2023.??.??"]
[WhiteTeam "La Dame Noire"]
[BlackTeam "CE Le Roi Soleil - Le Chesnay - Versailles"]

{Défense sicilienne, variante Scheveningue} 1. e4 c5 2. Nf3 d6 3. d4 cxd4 4.
Nxd4 Nf6 5. Nc3 a6 6. Be2 e6 7. O-O Be7 8. h3 O-O 9. Be3 Qc7 10. Bf3 Bd7 11.
Nde2 Nc6 12. Ng3 Ne5 13. Rc1 Nc4 14. Nce2 Nxb2 15. Qd4 Nc4 16. Qc3 Rac8 17. Nh5
Ne5 18. Qxc7 Nxf3+ 19. gxf3 Rxc7 20. Nxf6+ Bxf6 21. Kh2 Rfc8 22. Rg1 Rxc2 23.
Rxc2 Rxc2 24. Nf4 Be5 25. Rg2 Rxa2 26. h4 b5 27. Kh3 Bxf4 0-1

[Event "22e tournoi de Noël"]
[Site "Montigny le Bretonneux"]
[Date "2023.12.28"]
[Round "4.7"]
[White "Mourgues, Joelle"]
[Black "Imbert, Nicolas"]
[Result "1/2-1/2"]
[WhiteElo "1522"]
[BlackElo "1399"]
[Annotator "Rivier,Sylvain"]
[PlyCount "94"]
[EventDate "2023.??.??"]
[WhiteTeam "Saint-Quentin en Yvelines"]
[BlackTeam "Saint-Quentin en Yvelines"]

{Début Réti} 1. Nf3 e6 2. d3 d5 3. g3 c5 4. c3 Nc6 5. Bg2 Nge7 6. O-O Ng6 7.
Nbd2 Be7 8. e4 O-O 9. Qc2 d4 10. a4 Nge5 11. Rd1 a5 12. Nc4 Nxc4 13. dxc4 Bf6
14. cxd4 Nxd4 15. Qd3 Qc7 16. Nxd4 Bxd4 17. Qe2 Rd8 18. Be3 e5 19. Bxd4 cxd4
20. b3 Be6 21. Rd3 Rd6 22. f4 f6 23. Rad1 Rad8 24. f5 Bf7 25. g4 Rb6 26. Qd2 h6
27. Qxa5 Rc6 28. Qd2 Rdd6 29. h4 Rb6 30. g5 fxg5 31. hxg5 hxg5 32. Qxg5 Qd8 33.
Qg3 Qf6 34. c5 Rxb3 35. Rxb3 Bxb3 36. Qxb3+ Kf8 37. cxd6 Qxd6 38. Qd5 Qa3 39.
Qd8+ Kf7 40. Qd7+ Kf8 41. Qb5 Qe3+ 42. Kf1 Qf4+ 43. Ke1 Qg3+ 44. Kd2 Qc3+ 45.
Ke2 Qe3+ 46. Kf1 Qf4+ 47. Ke1 Qg3+ 1/2-1/2

[Event "22e tournoi de Noël"]
[Site "Montigny le Bretonneux"]
[Date "2023.12.28"]
[Round "4.8"]
[White "Prevost, Yvan"]
[Black "Moula, Guillaume"]
[Result "1-0"]
[WhiteElo "1272"]
[BlackElo "1514"]
[Annotator "Rivier,Sylvain"]
[PlyCount "85"]
[EventDate "2023.??.??"]
[WhiteTeam "Club d'Echecs de Guyancourt"]
[BlackTeam "La Dame Noire"]

{Ouverture du pion roi} 1. e4 Nc6 2. Nf3 d5 3. exd5 Qxd5 4. Nc3 Qd6 5. Nb5 Qd8
6. d4 a6 7. Nc3 Bg4 8. Be3 Nf6 9. Be2 Qd7 10. Ne5 Nxe5 11. dxe5 Bxe2 12. Nxe2
Nd5 13. c4 Nxe3 14. Qxd7+ Kxd7 15. fxe3 c5 16. Nc3 f5 17. Nd5 Kc6 18. O-O-O e6
19. Nf4 Re8 20. h4 g6 21. Rd3 Rg8 22. Rhd1 Rg7 23. a4 Rge7 24. a5 Bg7 25. Rd6+
Kc7 26. Nd3 Bh6 27. Nf4 Kc8 28. Kd2 Bg7 29. Nd3 Rd8 30. Kc2 Rde8 31. b4 cxb4
32. Kb3 Rc7 33. Kxb4 Bf8 34. c5 Rc6 35. Kc4 Bg7 36. Nb4 Rxd6 37. exd6 Kd7 38.
c6+ bxc6 39. Nxa6 Be5 40. Nc5+ Kd8 41. Nb7+ Kd7 42. Nc5+ Kd8 43. d7 1-0

[Event "22e tournoi de Noël"]
[Site "Montigny le Bretonneux"]
[Date "2023.12.28"]
[Round "4.9"]
[White "Martin, Gabriel"]
[Black "Gauthier, Arnaud"]
[Result "1/2-1/2"]
[WhiteElo "1400"]
[BlackElo "1566"]
[Annotator "Rivier,Sylvain"]
[PlyCount "71"]
[EventDate "2023.??.??"]
[WhiteTeam "Club d'Echecs d'Orsay"]
[BlackTeam "C.E. Fontenay le Fleury "]

{Gambit dame, défense orthodoxe} 1. d4 d5 2. c4 e6 3. Nc3 Nf6 4. Bg5 Be7 5. e3
O-O 6. Nf3 Nbd7 7. Rc1 c6 8. Bd3 dxc4 9. Bxc4 Nd5 10. Bxe7 Qxe7 11. O-O Re8 12.
e4 Nxc3 13. Rxc3 b6 14. Re1 Bb7 15. d5 cxd5 16. exd5 e5 17. d6 Qf6 18. Bb5 Bxf3
19. Qxf3 Qxf3 20. gxf3 Red8 21. Rc7 Nf6 22. Bc6 Rac8 23. Bb7 Rb8 24. f4 exf4
25. Ree7 Rxd6 26. Rxf7 Nh5 27. Bf3 Rg6+ 28. Kf1 Nf6 29. Rxa7 Ng4 30. Bxg4 Rxg4
31. f3 Rg6 32. Rxf4 Rc8 33. h4 h5 34. Re7 Rc1+ 35. Re1 Rc2 36. Re2 1/2-1/2

[Event "22e tournoi de Noël"]
[Site "Montigny le Bretonneux"]
[Date "2023.12.28"]
[Round "4.10"]
[White "Weens, William"]
[Black "Laot, Celestin"]
[Result "0-1"]
[WhiteElo "1643"]
[BlackElo "1199"]
[Annotator "Rivier,Sylvain"]
[PlyCount "146"]
[EventDate "2023.??.??"]
[WhiteTeam "ECHECS 78"]
[BlackTeam "Club d'Echecs de Triel sur Seine"]

{Défense sicilienne, variante Najdorf} 1. e4 c5 2. Nf3 d6 3. d4 cxd4 4. Nxd4
Nf6 5. Nc3 a6 6. Bg5 e5 7. Nb3 Be7 8. Bc4 O-O 9. Qd2 Be6 10. Bxe6 fxe6 11. Rd1
Nc6 12. O-O Qe8 13. Be3 Qg6 14. Qd3 Nb4 15. Qc4 Nxc2 16. Qxe6+ Rf7 17. Bb6 Nb4
18. Bc7 Ne8 19. Qxg6 hxg6 20. Bb6 Rc8 21. Rd2 Nc6 22. Nd5 Bf8 23. Rfd1 Nd8 24.
f3 Nf6 25. Kf1 Ne6 26. Be3 Nxe4 27. Re2 Nf6 28. Nb6 Rd8 29. Ke1 d5 30. Bf2 e4
31. Be3 exf3 32. gxf3 Bb4+ 33. Bd2 Bxd2+ 34. Rdxd2 Nf4 35. Re5 Rd6 36. Na4 Kf8
37. Nac5 Rc7 38. Ne4 Rdd7 39. Ng5 Re7 40. Rxe7 Rxe7+ 41. Kf2 Re5 42. h4 Re7 43.
Nd4 Ke8 44. Kf1 Kd7 45. b4 Kd6 46. Ne2 Nxe2 47. Rxe2 Rxe2 48. Kxe2 Kc6 49. Kd3
Kb5 50. Kc3 Ka4 51. Ne6 b6 52. Nc7 a5 53. bxa5 bxa5 54. Kb2 Kb4 55. Ne6 Kc4 56.
Kc2 d4 57. Nf4 Nd5 58. Nxg6 Nb4+ 59. Kb2 d3 60. Kc1 Kc3 61. Nf4 Nxa2+ 62. Kd1
Nb4 63. Ne6 a4 64. Nc5 a3 65. Na4+ Kd4 66. Kc1 Ke3 67. Nc3 d2+ 68. Kb1 Nd3 69.
Ka2 Nf2 70. Kxa3 d1=Q 71. Nxd1+ Nxd1 72. Kb4 Kxf3 73. Kc5 Kg4 0-1